Portfolio choice under loss limitation - gender differences

Saved in:
Bibliographic Details
Main Author: Katuščák, Peter
Other Authors: Péliová, Jana, 1976-
Format: Book Chapter
Language:English
Tags: Add Tag
No Tags, Be the first to tag this record!

MARC

LEADER 00000nla a2200000 4500
001 0185331
005 20240502073157.6
041 0 |a eng 
044 |a SK 
245 1 0 |a Portfolio choice under loss limitation - gender differences  |c Peter Katuščák, Jana Péliová 
100 1 |a Katuščák, Peter 
700 1 |a Péliová, Jana, 1976-